000 01679nam0a2200349 4500
001 RU\NLR\b_ik\195109
005 20250616231244.0
010 _a978-5-7422-3162-2
_9200
021 _aRU
_b2012-27633
_92058
035 _a(NLR Aleph) 002267519
090 _a3904540
_c3904540
100 _a20120503d2011 |||y0rusy50 ca
101 0 _aeng
102 _aRU
105 _ay |||||||||
200 1 _aStrong approximation of multiple Ito and Stratonovich stochastic integrals: multiple Fourier series approach
_fDmitriy F. Kuznetzov
_gMin. of education and science of Russ. Federation, Saint.-Peterburg state polytechn. univ.
205 _a[2nd ed.]
210 _aSaint-Petersburg
_cPolitechnical university publishing house
_d2011
215 _a282 c.
_d24
320 _aБиблиогр.: с. 280-282 (49 назв.)
606 1 _aИто стохастические уравнения
_xАппроксимация
_92090457
_3RU\NLR\auth\661568914
606 1 _aСтохастические интегралы
_xТейлора-Стратоновича разложения
_92155807
_3RU\NLR\auth\661297848
606 1 _aАппроксимация рациональная рядами Фурье
_92202122
_3RU\NLR\auth\661323240
686 _aВ192.162
686 _aВ192.147
700 1 _aKuznecov
_bD. F.
_gDmitrij Feliksovič
_4070
801 0 _aRU
_bNLR
_c20120503
_gRCR
801 1 _aRU
_bNLR
_c20120503
830 _aСильная аппроксимация множественных Ито и Стратоновича стохастических интергралов: подход кратных рядов Фурье
942 _cBOOK
980 _aNB